[Event "Volga Region-ch 12th"]
[Site "Togliatti"]
[Date "2014.03.17"]
[Round "4"]
[White "Kokarev, Dmitry"]
[Black "Bronnikov, Konstantin Alexandr"]
[Result "1-0"]
[WhiteElo "2622"]
[BlackElo "2190"]
[PlyCount "138"]
[EventDate "2014.03.14"]
[EventType "swiss"]
[EventRounds "9"]
[EventCountry "RUS"]
[SourceTitle "CBM 159 Extra"]
[Source "ChessBase"]
[SourceDate "2014.04.24"]
[SourceVersion "1"]
[SourceVersionDate "2014.04.24"]
[SourceQuality "1"]

1. e4 e5 2. Nf3 Nc6 3. Bb5 g6 4. d4 exd4 5. Bg5 f6 6. Bf4 Bb4+ 7. c3 dxc3 8. Nxc3 Nge7 9. Qb3 a6 10. Bc4 d5 11. 0-0-0 Bd6 12. Nxd5 Nxd5 13. Bxd6 Qxd6 14. Bxd5 Qc5+ 15. Kb1 Na5 16. Qa4+ c6 17. Rhe1 Bg4 18. e5 f5 19. h3 Bxf3 20. Bxf3 Nc4 21. Qc2 Rd8 22. Rxd8+ Kxd8 23. Be2 b5 24. Bxc4 bxc4 25. Rc1 Qxe5 26. Qxc4 Qe4+ 27. Qxe4 fxe4 28. Rxc6 Rf8 29. Rc2 Kd7 30. Kc1 Kd6 31. Kd1 a5 32. Ke2 Rb8 33. Ke3 Kd5 34. b3 a4 35. bxa4 Rb4 36. a5 Ra4 37. Kf4 h6 38. a6 g5+ 39. Kf5 Kd4 40. Rd2+ Kc3 41. Re2 Rxa6 42. Kxe4 Rf6 43. Re3+ Kd2 44. Rb3 Rf4+ 45. Kd5 Kc2 46. Rf3 Ra4 47. a3 h5 48. Rg3 Kd2 49. Kc6 Ke2 50. Rc3 Kxf2 51. Kb5 Ra8 52. Rc2+ Kg3 53. Ra2 Rb8+ 54. Kc6 g4 55. hxg4 hxg4 56. a4 Rc8+ 57. Kb7 Rh8 58. a5 Rh7+ 59. Kb6 Rh6+ 60. Kc5 Kh2 61. a6 g3 62. a7 Rh8 63. Kc6 Rh6+ 64. Kd5 Rh8 65. a8Q Rxa8 66. Rxa8 Kxg2 67. Ke4 Kh2 68. Kf3 g2 69. Rh8+ Kg1 1-0

[Event "Izhevsk Corporation Cup 5th"]
[Site "Izhevsk"]
[Date "2013.07.15"]
[Round "4"]
[White "Klepikov, Nikita"]
[Black "Bronnikov, Konstantin Alexandr"]
[Result "1-0"]
[WhiteElo "2056"]
[BlackElo "2214"]
[PlyCount "79"]
[EventDate "2013.07.11"]
[EventType "swiss"]
[EventRounds "9"]
[EventCountry "RUS"]
[SourceTitle "EXT 2014"]
[Source "ChessBase"]
[SourceDate "2013.11.20"]
[SourceVersion "1"]
[SourceVersionDate "2013.11.20"]
[SourceQuality "1"]

1. e4 c5 2. Nf3 d6 3. d4 cxd4 4. Nxd4 Nf6 5. Nc3 Nc6 6. Bc4 Bd7 7. Be3 Ng4 8. Nxc6 bxc6 9. 0-0 Nxe3 10. fxe3 e6 11. Qf3 Qf6 12. Qxf6 gxf6 13. Rxf6 Bg7 14. Rf2 Ke7 15. Raf1 Be8 16. Nd1 Rb8 17. c3 Be5 18. Rd2 c5 19. Nf2 Bc6 20. Be2 Rb6 21. Nd3 Bg7 22. e5 d5 23. Bh5 Be8 24. Nxc5 Bxe5 25. Rdf2 Rf8 26. Nb3 Bg7 27. Nd4 Bh6 28. Re1 f5 29. Bxe8 Rxe8 30. Rfe2 Reb8 31. Rb1 Rc8 32. Ree1 Kf6 33. Kf2 e5 34. Nb3 Rc4 35. g3 Bf8 36. Re2 Ra4 37. Nc1 h5 38. b3 h4 39. Reb2 Rg4 40. Ne2 1-0

[Event "Privolzhskogo FO-ch"]
[Site "Kazan"]
[Date "2012.03.06"]
[Round "9"]
[White "Vlasenko, Miroslav"]
[Black "Bronnikov, Konstantin Alexandr"]
[Result "1-0"]
[WhiteElo "2393"]
[BlackElo "2256"]
[PlyCount "107"]
[EventDate "2012.02.26"]
[EventType "swiss"]
[EventRounds "9"]
[EventCountry "RUS"]
[SourceTitle "CBM 147 Extra"]
[Source "ChessBase"]
[SourceDate "2012.04.24"]
[SourceVersion "1"]
[SourceVersionDate "2012.04.24"]
[SourceQuality "1"]

1. d4 d6 2. e4 Nf6 3. f3 e5 4. dxe5 dxe5 5. Qxd8+ Kxd8 6. Bc4 Ke8 7. Be3 Bd6 8. Ne2 Ke7 9. Nbc3 c6 10. 0-0-0 Be6 11. Bxe6 fxe6 12. Rd3 Nbd7 13. Rhd1 Bc7 14. Na4 Bb6 15. Nxb6 axb6 16. a3 b5 17. Bd2 Rhd8 18. Bb4+ c5 19. Be1 Ne8 20. Bh4+ Nef6 21. Nc3 c4 22. R3d2 Ra5 23. f4 b4 24. axb4 Ra1+ 25. Nb1 Raa8 26. Rxd7+ Rxd7 27. fxe5 Rxd1+ 28. Kxd1 Ra1 29. Kc1 Kf7 30. exf6 gxf6 31. Bf2 e5 32. b5 Kg6 33. c3 f5 34. exf5+ Kxf5 35. Kc2 Ke4 36. b6 Kd5 37. h3 Ra8 38. Nd2 Ra1 39. Nf3 Rf1 40. Be3 e4 41. Nd4 Rh1 42. Nf5 Ke5 43. Nh6 Rf1 44. Ng4+ Kd6 45. Bd4 Kc6 46. b3 cxb3+ 47. Kxb3 Kb5 48. Kc2 h5 49. Nf6 e3 50. Kd3 Rg1 51. Bxe3 Rxg2 52. Nxh5 Rg8 53. Bd4 Kc6 54. Nf4 1-0

[Event "Privolzhskogo FO-ch"]
[Site "Kazan"]
[Date "2012.03.02"]
[Round "5"]
[White "Pushin, Vladimir"]
[Black "Bronnikov, Konstantin Alexandr"]
[Result "1/2-1/2"]
[WhiteElo "2375"]
[BlackElo "2256"]
[PlyCount "80"]
[EventDate "2012.02.26"]
[EventType "swiss"]
[EventRounds "9"]
[EventCountry "RUS"]
[SourceTitle "CBM 147 Extra"]
[Source "ChessBase"]
[SourceDate "2012.04.24"]
[SourceVersion "1"]
[SourceVersionDate "2012.04.24"]
[SourceQuality "1"]

1. c4 e6 2. Nc3 d5 3. d4 Be7 4. Nf3 Nf6 5. Bg5 h6 6. Bh4 0-0 7. e3 Nbd7 8. Qc2 c5 9. dxc5 Nxc5 10. cxd5 Nxd5 11. Nxd5 Bxh4 12. Qxc5 exd5 13. Nxh4 Qxh4 14. Rd1 Bg4 15. Qd4 Qg5 16. h4 Qg6 17. Bd3 Qe6 18. Rc1 Rfc8 19. 0-0 Rxc1 20. Rxc1 Qd7 21. Rc5 Be6 22. Bc2 b6 23. Rc3 Rc8 24. Ba4 Qd8 25. Rxc8 Qxc8 26. Bb3 Qc1+ 27. Kh2 Qc7+ 28. g3 Qc1 29. Kg2 Qc6 30. a3 Kf8 31. Kh2 f6 32. Qb4+ Qc5 33. e4 Qxb4 34. axb4 Ke7 35. exd5 Bg4 36. Kg2 Kd6 37. f4 Bh5 38. Kf2 Bf7 39. Ke3 Bxd5 40. Bd1 Bc6 1/2-1/2

[Event "Privolzhskogo FO-ch"]
[Site "Kazan"]
[Date "2012.02.28"]
[Round "2"]
[White "Mokshanov, Alexey"]
[Black "Bronnikov, Konstantin Alexandr"]
[Result "1-0"]
[WhiteElo "2385"]
[BlackElo "2256"]
[PlyCount "61"]
[EventDate "2012.02.26"]
[EventType "swiss"]
[EventRounds "9"]
[EventCountry "RUS"]
[SourceTitle "CBM 147 Extra"]
[Source "ChessBase"]
[SourceDate "2012.04.24"]
[SourceVersion "1"]
[SourceVersionDate "2012.04.24"]
[SourceQuality "1"]

1. e4 c5 2. Nf3 d6 3. Bb5+ Nc6 4. Bxc6+ bxc6 5. 0-0 Bg4 6. c3 Nf6 7. Re1 Nd7 8. d3 e6 9. Nbd2 Bh5 10. h3 Be7 11. Nf1 0-0 12. g4 Bg6 13. Ng3 f5 14. Kg2 fxe4 15. dxe4 d5 16. Qe2 Rf7 17. exd5 exd5 18. Bf4 Qf8 19. Qe6 Kh8 20. Qxd7 Rxf4 21. Qxe7 Rxf3 22. Qxf8+ Raxf8 23. Re2 Kg8 24. Rae1 d4 25. cxd4 cxd4 26. Rd2 d3 27. Nf5 Rf4 28. Ne7+ Kh8 29. Nxg6+ hxg6 30. Re3 Rc4 31. Rexd3 1-0

[Event "Izhevsk Udmurtia-ch"]
[Site "Izhevsk"]
[Date "2011.12.03"]
[Round "3"]
[White "Kozionov, Kirill"]
[Black "Bronnikov, Konstantin Alexandr"]
[Result "0-1"]
[WhiteElo "2208"]
[BlackElo "2233"]
[PlyCount "72"]
[EventDate "2011.12.02"]
[EventType "swiss"]
[EventRounds "11"]
[EventCountry "RUS"]
[SourceTitle "CBM 146 Extra"]
[Source "ChessBase"]
[SourceDate "2012.02.29"]
[SourceVersion "1"]
[SourceVersionDate "2012.02.29"]
[SourceQuality "1"]

1. e4 d6 2. d4 Nf6 3. Nc3 e5 4. Nf3 Nbd7 5. Bc4 Be7 6. 0-0 0-0 7. Re1 a6 8. a4 b6 9. b3 Bb7 10. Bb2 c6 11. Bd3 Re8 12. Ne2 Bf8 13. Ng3 g6 14. Qd2 exd4 15. Nxd4 Nc5 16. Ndf5 gxf5 17. Nxf5 Nfxe4 18. Bxe4 Nxe4 19. Qd4 Qf6 20. Rxe4 Qxd4 21. Rxd4 Re6 22. Rad1 Rae8 23. h4 d5 24. h5 f6 25. R1d3 Re1+ 26. Kh2 Kf7 27. Rf4 R8e6 28. Rdf3 R1e4 29. Nh6+ Bxh6 30. Rxf6+ Ke8 31. Rf7 Rh4+ 32. Kg3 Rxh5 33. Kg4 Rg5+ 34. Kh3 Bc8 35. g4 Re4 36. R3f6 Rexg4 0-1

[Event "Izhevsk Corporation Cup-A 3rd"]
[Site "Izhevsk"]
[Date "2011.07.23"]
[Round "8"]
[White "Belova, Olga"]
[Black "Bronnikov, Konstantin Alexandr"]
[Result "1/2-1/2"]
[WhiteElo "1976"]
[BlackElo "2265"]
[PlyCount "133"]
[EventDate "2011.07.15"]
[EventType "swiss"]
[EventRounds "9"]
[EventCountry "RUS"]
[SourceTitle "CBM 143 Extra"]
[Source "ChessBase"]
[SourceDate "2011.08.29"]
[SourceVersion "1"]
[SourceVersionDate "2011.08.29"]
[SourceQuality "1"]

1. d4 d5 2. Nc3 Bf5 3. Nf3 c6 4. e3 Nd7 5. Bd3 Bxd3 6. Qxd3 Ngf6 7. 0-0 e6 8. e4 dxe4 9. Nxe4 Nxe4 10. Qxe4 Nf6 11. Qe2 Be7 12. c4 0-0 13. Be3 Qa5 14. a3 Ng4 15. b4 Qh5 16. Bf4 Nf6 17. Rfe1 Rfd8 18. h3 Bd6 19. Be5 Rd7 20. Qb2 Rad8 21. Bxf6 gxf6 22. d5 cxd5 23. cxd5 e5 24. Rad1 Kh8 25. Kh1 Rg8 26. Re4 Rc7 27. Rde1 Qg6 28. Nh4 Qh5 29. a4 Rgc8 30. Qe2 Qxe2 31. R1xe2 Rc1+ 32. Kh2 Rd1 33. Nf5 Rxd5 34. f4 Bf8 35. fxe5 fxe5 36. Rxe5 Rxe5 37. Rxe5 Bxb4 38. Rb5 Rc5 39. Rxb7 Rxf5 40. Rxb4 Kg7 41. g4 Rc5 42. Rb7 Ra5 43. Rb4 Kf6 44. Re4 h5 45. Kg3 hxg4 46. Rf4+ Ke6 47. hxg4 f6 48. Kf3 Kf7 49. Re4 Kg6 50. Kf4 Rc5 51. Rb4 Rc1 52. Ke4 Kg5 53. Kd5 a5 54. Rb5 Kxg4 55. Rxa5 f5 56. Rc5 Ra1 57. Rc4+ f4 58. Kc5 Kg3 59. Kb5 f3 60. Rc3 Kf4 61. Rc2 Rb1+ 62. Kc6 Re1 63. a5 Re2 64. Rc1 f2 65. Rf1 Kf3 66. a6 Re6+ 67. Kb7 1/2-1/2

[Event "Izhevsk Corporation Cup-A 3rd"]
[Site "Izhevsk"]
[Date "2011.07.21"]
[Round "6"]
[White "Kontsevik, Georgy"]
[Black "Bronnikov, Konstantin Alexandr"]
[Result "0-1"]
[WhiteElo "1908"]
[BlackElo "2265"]
[PlyCount "110"]
[EventDate "2011.07.15"]
[EventType "swiss"]
[EventRounds "9"]
[EventCountry "RUS"]
[SourceTitle "CBM 143 Extra"]
[Source "ChessBase"]
[SourceDate "2011.08.29"]
[SourceVersion "1"]
[SourceVersionDate "2011.08.29"]
[SourceQuality "1"]

1. e4 e5 2. Nc3 Nf6 3. Bc4 Nc6 4. d3 Na5 5. Bb3 Nxb3 6. axb3 Be7 7. f4 d6 8. Nf3 exf4 9. Bxf4 0-0 10. 0-0 c6 11. Qe2 Re8 12. Rae1 a5 13. Qf2 b5 14. e5 Ng4 15. Qg3 dxe5 16. Bxe5 Nxe5 17. Rxe5 Be6 18. Ree1 h6 19. Kh1 a4 20. bxa4 b4 21. Ne4 Rxa4 22. Re2 b3 23. Ne5 Ra6 24. c3 Rf8 25. Qe3 Qd5 26. d4 Qd8 27. Ref2 Qe8 28. Qg3 Ra2 29. h3 Bd5 30. Qd3 f5 31. Rxf5 Rxf5 32. Rxf5 Rxb2 33. c4 Bxe4 34. Qxe4 Bd6 35. Qf3 Rb1+ 36. Kh2 b2 37. c5 Rh1+ 38. Kxh1 b1Q+ 39. Kh2 Bc7 40. Qg4 Qe1 41. Rh5 Kh7 42. Rf5 g6 43. Rf3 Bxe5+ 44. dxe5 Q1xe5+ 45. Rg3 Qxc5 46. Qa4 Qd6 47. h4 Qee5 48. Qa7+ Qc7 49. Qa3 c5 50. Qd3 Qed6 51. Qc3 c4 52. h5 Qxg3+ 53. Qxg3 Qxg3+ 54. Kxg3 c3 55. hxg6+ Kxg6 0-1